| 000 | 00428nam a2200181Ia 4500 | ||
|---|---|---|---|
| 005 | 20250603144943.0 | ||
| 008 | 250603s9999 xx 000 0 und d | ||
| 020 | _a9789780295776 | ||
| 050 | _aHF 5635 .A83/ | ||
| 100 | _aAsaolu, Ayodele | ||
| 245 | 0 | _aFinancial accounting for schools and colleges | |
| 260 | _aAbuja | ||
| 260 | _bSpectrum Books | ||
| 260 | _c2005 | ||
| 300 | _a515 p | ||
| 650 | _aAbuja | ||
| 942 | _cBK | ||
| 999 |
_c40442 _d40442 |
||